| 000 | 00705nam a2200229Ia 4500 | ||
|---|---|---|---|
| 008 | 191130s2005##################000#0#eng## | ||
| 020 | _a1403969884 | ||
| 022 | _a2005045960 | ||
| 040 |
_aACL _cACL |
||
| 082 | _aJC327 .K9 2005 320.1/5 | ||
| 100 | _aKurtulus, Ersun N | ||
| 245 |
_aState sovereignty : concept, phenomenon and ramifications _cErsun N. Kurtulus |
||
| 250 | _a1st ed | ||
| 260 |
_aBasingstoke, Hampshire _bPalgrave Macmillan _c2005 |
||
| 300 | _aviii, 232 p. ; 22 cm | ||
| 500 | _aIncludes bibliographical references (p. [195]-227) and index | ||
| 650 | _aSovereignty | ||
| 650 | _aState, The | ||
| 990 | _a669564e6ac10000c57a6877815cdbdae | ||
| 991 | _a180450 | ||
| 999 |
_c290967 _d290967 |
||